000 00764cab a2200277 4500
001 X2342
008 090401t1995 xxu||||| |||| 00| 0 eng d
035 _a(Sirsi) u23497
041 _aeng
100 _aBright, K.
245 _aDeveloping non-handicapping environments
260 _c1995
350 _a0
490 _aCSM (Chartered Surveyor Monthly)
_v4(7) May 1995, 28-29(2)
650 _aBLIND
650 _aCOLOUR SELECTION
650 _aDEPARTMENT OF CONSTRUCTION MANAGEMENT AND ENGINEERING
650 _aEMERGENCY LIGHTING
650 _aUNIVERSITY OF READING
650 _aVISUALLY IMPAIRED PEOPLE
690 _aBUILT ENVIRONMENT-CONSTRUCTION DESIGN
700 _aCook, G.
700 _aHarris, J.
942 _n0
948 _c04/03/1997
999 _c15703
_d15703